| 000 | 00489nam a2200157Ia 4500 | ||
|---|---|---|---|
| 003 | GCL | ||
| 008 | 140319s9999 xx 000 0 ara d | ||
| 040 |
_aGCL / _cGCL |
||
| 082 | 0 | 4 |
_a925.4 _bم م |
| 245 | 1 | 0 | _aملف الدكتور احمد زويل |
| 260 |
_aالقاهرة : _bمركز الاهرام للتنظيم وتكنولوجيا المعلومات ، _c2001 |
||
| 300 |
_a179 ص ؛ _c40 سم |
||
| 650 | 0 | 4 | _aجائزة نوبل |
| 650 | 0 | 4 | _aاحمد زويل |
| 942 |
_2ddc _cBK |
||
| 999 |
_c5684 _d5684 |
||